Score 0/15 Timer 02:00
0 Plays Today
Clue 4-Letter Word % Correct
Ajar; unlockedOPEN
92.7%
Over twelve but under twentyTEEN
91.2%
Modern birthstone for JulyRUBY
85.3%
Took the trainRODE
83.4%
Vulgar; uncivilizedRUDE
83%
Modern Birthstone for OctoberOPAL
80.1%
Oliver Stone's '___ on the 4th of July'BORN
79.7%
A tiresome personBORE
74.2%
Clue 4-Letter Word % Correct
German car make owned by GMOPEL
73.6%
Mock-machine inventor GoldbergRUBE
73.4%
Swiss capital?BERN
71%
Marine birdTERN
68.6%
Skiing star MillerBODE
65.7%
Portent of good or evilOMEN
60.1%
Old term for Secret Service AgentsT-MEN
54.4%

Today's Daily Dose

Remove Ads.
Support Sporcle.
Get the best of Sporcle when you Go Orange. This ad-free experience offers more features, more stats, and more fun while also helping to support Sporcle. Thank you for becoming a member.

You're not logged in!

Compare scores with friends on all Sporcle quizzes.
OR
Log In

Show Comments

Extras

Top Quizzes Today


Score Distribution

Your Account Isn't Verified!

In order to create a playlist on Sporcle, you need to verify the email address you used during registration. Go to your Sporcle Settings to finish the process.

Report this User

Report this user for behavior that violates our Community Guidelines.

Details: